A munkásmozgalom régi harcosainak köszöntése

Elmentve itt :
Bibliográfiai részletek
Dokumentumtípus: Cikk
Megjelent: 1978-09-08
Sorozat:Délmagyarország 68 No. 212
Kulcsszavak:Kerepesi Sándor
Online Access:http://dmarchiv.bibl.u-szeged.hu/95728
LEADER 00421nab a2200145 i 4500
001 delm95728
005 20190516133013.0
008 190516s1978 hu o 0|| hun d
040 |a SZTE Délmagyarország Archívum  |b hun 
041 |a hun 
245 0 2 |a A munkásmozgalom régi harcosainak köszöntése  |h [elektronikus dokumentum] 
260 |c 1978-09-08 
300 |a 5 
490 0 |a Délmagyarország  |v 68 No. 212 
695 |a Kerepesi Sándor